000 00278 a2200133 4500
001 48041
040 _cAnchieta - Aquarius
100 _aAlencar, José de
240 1 0 _aA viuvinha
_lpor
245 1 0 _aA viuvinha
300 _a47
650 4 _aLiteratura brasileira
942 _cBK
999 _c48041
_d48041